Normal view
MARC view
- Hancock, N. lX
Entry Personal Name
001 - CONTROL NUMBER
- control field: 6546
003 - CONTROL NUMBER IDENTIFIER
- control field: OSt
005 - DATE AND TIME OF LATEST TRANSACTION
- control field: 20241223153341.0
008 - FIXED-LENGTH DATA ELEMENTS
- fixed length control field: 241223|| aca||aabn | a|a d
040 ## - CATALOGING SOURCE
- Original cataloging agency: OSt
- Transcribing agency: OSt
100 ## - HEADING--PERSONAL NAME
- Personal name: Hancock, N. lX
670 ## - SOURCE DATA FOUND
- Source citation: Work cat.: (OSt)1946: Clayton, Albert.E . 6544, Performance and design of direct current machines / , 1985.
